Movie Quotes #2 (Comedy) - Statistics

General Stats
  • This quiz has been taken 27 times
  • The average score is 4 of 15
Answer Stats
Hint Answer % Correct
"As if." (1995) Clueless
64%
"Shooter! Great to hear from you! You wanna go to the Sizzler and get some grub?" (1996) Happy Gilmore
55%
"That's what I love about these high-school girls, man. I get older, they stay the same age." (1993) Dazed and Confused
50%
"Take car. Go to mum's. Kill Phil, 'Sorry.' grab Liz, go to the Winchester, have a nice cold pint, and wait for this all to blow over." (2004) Shaun of the Dead
50%
"If I'm not back in five minutes... just wait longer." (1994) Ace Ventura: Pet Detective
32%
"I'm a ghost with the most, babe." (1988) Beetlejuice
27%
"Say, would you like a chocolate covered pretzel? They're a little melty but damn are they exquisite." (1995) Mallrats
23%
"I am your father's brother's nephew's cousin's former roommate." "What does that make us?" "Absolutely nothing! Which is what you are about to become." (1987) Spaceballs
23%
"I got a backpack on! You don't get in the water with a backpack, everybody knows that." (2017) Jumanji: Welcom to the Jungle
18%
"What do you need a fake ID for?" "So I can vote." (1985) The Breakfast Club
18%
"Her name's Naomi. That's 'I moan" backwards." (2002) Van Wilder
14%
"Just once I want my life to be like an 80's movie, preferably one with a really awesome musical number for no apparent reason. But no, no, John Hughes did not direct my life." (2010) Easy A
9%
"That's the beauty of argument, if you argue correctly, you're never wrong." (2005) Thank You for Smoking
9%
"Strange things are afoot at the Circle-K." (1989) Bill & Ted's Excellent Adventure
5%
"It reminds me of my favourite poem, which is, 'Roses are red, violets are blue, I'm a schizophrenic... and so am I!'" (1991) What about Bob?
5%
No matching quizzes found
Score Distribution
Percent of People with Each Score
Percentile by Number Answered
Your Score History
You have not taken this quiz